header

Essays on the Book of Enoch and other early Jewish texts and traditions (Record no. 111124)

MARC details
000 -LEADER
fixed length control field 01761nam a2200373 a 4500
082 04 - DEWEY DECIMAL CLASSIFICATION NUMBER
Classification number 229/.913
100 1# - MAIN ENTRY--AUTHOR NAME
Personal name Knibb, Michael A.
245 10 - TITLE STATEMENT
Title Essays on the Book of Enoch and other early Jewish texts and traditions
260 ## - PUBLICATION, DISTRIBUTION, ETC. (IMPRINT)
Place of publication Leiden ;
-- Boston :
Name of publisher Brill,
Year of publication 2009.
300 ## - PHYSICAL DESCRIPTION
Number of Pages xvii, 448 p.
490 1# - SERIES STATEMENT
Series statement Studia in Veteris Testamenti pseudepigrapha,
500 ## - GENERAL NOTE
General note A collection of previously published essays, originally published between 1976 and 2007.
505 0# - FORMATTED CONTENTS NOTE
Formatted contents note pt. 1. Essays on the Book of Enoch -- pt. 2. Essays on early Jewish texts and traditions.
650 #0 - SUBJECT ADDED ENTRY--TOPICAL TERM
Topical Term Apocryphal books (Old Testament)
856 40 - ELECTRONIC LOCATION AND ACCESS
Uniform Resource Identifier http://site.ebrary.com/lib/rucke/Doc?id=10363881

No items available.

© 2026 Rongo University
Contact us: librarian | system librarian | Rongo university